Discounted cash flow for commercial property investments (Record no. 115422)

MARC details
000 -LEADER
fixed length control field 01248cad a22002655a 4500
001 - CONTROL NUMBER
control field L158621
008 - FIXED-LENGTH DATA ELEMENTS--GENERAL INFORMATION
fixed length control field 110718s2010 xxk f 000 0 eng d
035 ## - SYSTEM CONTROL NUMBER
System control number (Sirsi) u158621
041 0# - LANGUAGE CODE
Language code of text/sound track or separate title eng
050 04 - LIBRARY OF CONGRESS CALL NUMBER
Classification number 658.152 $2 20
110 1# - MAIN ENTRY--CORPORATE NAME
Corporate name or jurisdiction name as entry element Royal Institution of Chartered Surveyors
9 (RLIN) 4900
245 00 - TITLE STATEMENT
Title Discounted cash flow for commercial property investments
Statement of responsibility, etc. [old edition]
260 ## - PUBLICATION, DISTRIBUTION, ETC.
Place of publication, distribution, etc. Coventry
Name of publisher, distributor, etc. RICS
Date of publication, distribution, etc. 2010
490 #0 - SERIES STATEMENT
Series statement RICS Guidance Note
490 #0 - SERIES STATEMENT
Series statement RICS Valuation Standards
520 ## - SUMMARY, ETC.
Summary, etc. Focuses on discounted cash flow valuation in the particular context of commercial property investments. This guidance note is part of the RICS Valuation Standards (the 'Red Book'), 7th edition, published in 2011. It is available in digital format as a stand-alone guidance note before the publication. It is only available in hard copy as part of the Red Book.
590 ## - LOCAL NOTE (RLIN)
Local note KA NTK
650 24 - SUBJECT ADDED ENTRY--TOPICAL TERM
Topical term or geographic name entry element RICS valuation standards
650 24 - SUBJECT ADDED ENTRY--TOPICAL TERM
Topical term or geographic name entry element Red Book
650 24 - SUBJECT ADDED ENTRY--TOPICAL TERM
Topical term or geographic name entry element DISCOUNTED CASH FLOW
651 #4 - SUBJECT ADDED ENTRY--GEOGRAPHIC NAME
Geographic name United Kingdom
Chronological subdivision
690 ## - LOCAL SUBJECT ADDED ENTRY--TOPICAL TERM (OCLC, RLIN)
Topical term or geographic name as entry element Valuation
9 (RLIN) 6273
856 40 - ELECTRONIC LOCATION AND ACCESS
Uniform Resource Identifier <a href="https://www.rics.org/uk/products/knowledge-and-information-services/">https://www.rics.org/uk/products/knowledge-and-information-services/</a>
Public note Please email [email protected] quoting ref 115422 for a digital copy of this archived content
942 ## - ADDED ENTRY ELEMENTS (KOHA)
Suppress in OPAC 0
Source of classification or shelving scheme Dewey Decimal Classification
Holdings
Withdrawn status Lost status Source of classification or shelving scheme Damaged status Not for loan Home library Current library Shelving location Date acquired Total Checkouts Full call number Barcode Date last seen Copy number Price effective from Koha item type
    Dewey Decimal Classification     Virtual Virtual Online 14/05/2015   ONLINE PUBLICATION 158621-2001 06/08/2019 1 06/08/2019 Book